<?xml version="1.0" encoding="UTF-8"?>
<record
    xmlns:xsi="http://www.w3.org/2001/XMLSchema-instance"
    xsi:schemaLocation="http://www.loc.gov/MARC21/slim http://www.loc.gov/standards/marcxml/schema/MARC21slim.xsd"
    xmlns="http://www.loc.gov/MARC21/slim">

  <leader>01891nam a22002417a 4500</leader>
  <controlfield tag="005">20240801100058.0</controlfield>
  <controlfield tag="008">240801b           ||||| |||| 00| 0 eng d</controlfield>
  <datafield tag="020" ind1=" " ind2=" ">
    <subfield code="a">9789392837777</subfield>
  </datafield>
  <datafield tag="040" ind1=" " ind2=" ">
    <subfield code="c">AL</subfield>
  </datafield>
  <datafield tag="041" ind1=" " ind2=" ">
    <subfield code="a">English</subfield>
  </datafield>
  <datafield tag="082" ind1=" " ind2=" ">
    <subfield code="2">23</subfield>
    <subfield code="a">529</subfield>
    <subfield code="b">TYAS</subfield>
  </datafield>
  <datafield tag="100" ind1=" " ind2=" ">
    <subfield code="a">Praveen Tyagi</subfield>
    <subfield code="9">174629</subfield>
  </datafield>
  <datafield tag="245" ind1=" " ind2=" ">
    <subfield code="a">Secrets Behind Faster Calculations: Train Your Brain to Become a Human Calculator</subfield>
  </datafield>
  <datafield tag="260" ind1=" " ind2=" ">
    <subfield code="a">Haryana</subfield>
    <subfield code="b">G K Publications Private Ltd</subfield>
    <subfield code="c">2024</subfield>
  </datafield>
  <datafield tag="300" ind1=" " ind2=" ">
    <subfield code="a">248 p.</subfield>
    <subfield code="b">PB</subfield>
    <subfield code="c">21.5x14 cm.</subfield>
  </datafield>
  <datafield tag="365" ind1=" " ind2=" ">
    <subfield code="a">2488</subfield>
    <subfield code="b">&#x20B9;236.00</subfield>
    <subfield code="c">&#x20B9;</subfield>
    <subfield code="d">&#x20B9;295.00</subfield>
    <subfield code="e">20%</subfield>
    <subfield code="f">17-07-2024</subfield>
  </datafield>
  <datafield tag="520" ind1=" " ind2=" ">
    <subfield code="a">Do you find yourself spending more than 30 seconds on basic math calculations? Are you amazed by those who can perform calculations effortlessly?

If so, this book is for you. This pioneering guide simplifies calculations, making them easier with consistent practice. While you won&#x2019;t become a pro overnight, regular practice will make calculations a breeze. Students preparing for JEE, GATE, CAT, SSC, CBSE, ICSE, State Boards from class IX to XII, and other competitive exams understand the critical importance of quick calculations. This book is designed to enhance your accuracy, speed, and efficiency, essential for time-bound exam practice.
The book features 10 sections covering: Special Tricks, Addition &amp; Subtraction, Multiplication, Squaring, Cubing, Square Roots, Cube Roots, Division, Percentages, and Data Interpretation. A detailed video summary is also provided at the beginning of each chapter. It includes a practice set to test your skills. Whether you&#x2019;re a student, working professional, business owner, or homemaker, this book is an invaluable resource for mastering math calculations.</subfield>
  </datafield>
  <datafield tag="650" ind1=" " ind2=" ">
    <subfield code="a"> Easy Tips-Tricks </subfield>
    <subfield code="9">174611</subfield>
  </datafield>
  <datafield tag="650" ind1=" " ind2=" ">
    <subfield code="a">Competitive Exams</subfield>
    <subfield code="9">174630</subfield>
  </datafield>
  <datafield tag="650" ind1=" " ind2=" ">
    <subfield code="a">Formulas for Complex Mathematics Calculations </subfield>
    <subfield code="9">174612</subfield>
  </datafield>
  <datafield tag="700" ind1=" " ind2=" ">
    <subfield code="a">TYAGI (Praveen)</subfield>
    <subfield code="9">174613</subfield>
  </datafield>
  <datafield tag="942" ind1=" " ind2=" ">
    <subfield code="2">ddc</subfield>
    <subfield code="c">BK</subfield>
  </datafield>
  <datafield tag="999" ind1=" " ind2=" ">
    <subfield code="c">231541</subfield>
    <subfield code="d">231541</subfield>
  </datafield>
  <datafield tag="952" ind1=" " ind2=" ">
    <subfield code="0">0</subfield>
    <subfield code="1">0</subfield>
    <subfield code="2">ddc</subfield>
    <subfield code="4">0</subfield>
    <subfield code="7">0</subfield>
    <subfield code="8">OTH</subfield>
    <subfield code="a">AL</subfield>
    <subfield code="b">AL</subfield>
    <subfield code="d">2024-07-22</subfield>
    <subfield code="e">Biblios Book Point Surathkal Mangalore 575014</subfield>
    <subfield code="g">236.00</subfield>
    <subfield code="l">1</subfield>
    <subfield code="o">529 TYAS</subfield>
    <subfield code="p">077256</subfield>
    <subfield code="r">2024-11-06 00:00:00</subfield>
    <subfield code="s">2024-10-21</subfield>
    <subfield code="v">295.00</subfield>
    <subfield code="w">2024-08-01</subfield>
    <subfield code="y">BK</subfield>
  </datafield>
</record>
